000 00276nam a22001217a 4500
082 _a823
_bJOH/T
100 _aBUCHAN, JOHN
245 _aTHE THIRTY-NINE STEPS
260 _aLONDON
_bPAN BOOKS LTD
_c1953
300 _a137
650 _aENGLISH STORY
_zUNITED KINGDOM
942 _cBK
999 _c7308
_d7308